[Event "VIII Floripa Open 2022"]
[Site "Florianopolis"]
[Date "2022.01.27"]
[Round "5.5"]
[White "Matsuura, Everaldo"]
[Black "Fier, Alexandr"]
[Result "1/2-1/2"]
[WhiteElo "2441"]
[BlackElo "2572"]
[Annotator "TA"]
[PlyCount "28"]
[EventDate "2022.01.24"]
[EventType "swiss"]
[EventCountry "BRA"]

{[%evp 9,28,27,22,29,16,21,45,28,126,59,66,74,54,17,28,45,34,14,74,67,90]} 1. c4 g6 2. Nc3 Nf6 3. g3 Bg7 4. Bg2 O-O 5. e4 e5 6. Nge2 {[%cal Bg1e2,Be2c3,Bc3d5][%mdl 32] A24: English Opening vs King's Indian: Lines without ...Nc6.} a6 7. O-O b5 8. d4 exd4 {[#]} (8... d6 $1 $11) 9. e5 $1 dxc3 $14 {[#]} 10. Bxa8 $146 ({Predecessor:} 10. exf6 Qxf6 11. Bxa8 cxb2 12. Rb1 bxc1=Q 13. Nxc1 Nc6 14. cxb5 axb5 15. a4 bxa4 16. Qxa4 {0-1 (34) Wirthensohn,H (2410)-Nemet,I (2450) Switzerland 1994}) 10... Ng4 11. Nxc3 Nxe5 12. cxb5 axb5 13. Bg2 ({Of course not} 13. Nxb5 Ba6 14. a4 c6 $15) 13... b4 (13... c6 $1 $11 {keeps the balance.}) 14. Nd5 $16 Ba6 {Weighted Error Value: White=0.17 (very precise) /Black=0.31} 1/2-1/2

[Event "VIII Floripa Open 2022"]
[Site "Florianopolis"]
[Date "2022.01.27"]
[Round "5.6"]
[White "Mekhitarian, Krikor Sevag"]
[Black "Languidey, Simon Alejandro"]
[Result "1/2-1/2"]
[WhiteElo "2562"]
[BlackElo "2403"]
[Annotator "TA"]
[PlyCount "76"]
[EventDate "2022.01.24"]
[EventType "swiss"]
[EventCountry "BRA"]

{[%evp 16,76,33,43,44,50,44,52,42,33,39,15,10,8,13,7,17,10,11,6,8,0,11,0,7,9,10,0,10,0,12,-3,0,0,0,0,0,0,4,-5,0,0,0,0,0,0,0,0,0,0,0,-40,0,0,0,-20,0,0,0,0,0,0,0]} 1. e4 e6 2. d4 d5 3. Nc3 dxe4 4. Nxe4 Bd7 5. Nf3 Bc6 6. Bd3 Nd7 7. O-O Ngf6 8. Ng3 Bd6 9. Re1 O-O {C10: French with 3 Nc3: Unusual Black 3rd moves and 3...dxe4.} 10. Ne5 Be7 11. Nxc6 bxc6 {White is slightly better.} 12. c3 c5 {[#]} 13. dxc5 $146 (13. Ne2 {keeps more tension.} Qb8 14. dxc5 Bxc5 15. Ng3 Rd8 16. Qf3) ({Predecessor:} 13. Ne2 h6 14. Bc2 Qc8 15. Qd3 Rb8 16. dxc5 Nxc5 17. Qh3 Ncd7 18. Nd4 Re8 19. Nc6 {1-0 (69) Stubbs,M (2119)-Sheward,A (1956) ICCF email 2018}) 13... Nxc5 14. Bc2 Qxd1 15. Rxd1 a5 16. Be3 Rfb8 17. Rab1 a4 18. Bd4 Ra6 {[%cal Ba8a6,Ba6b6,Bb6b7,Bb7a7,Ba7a2][%mdl 32]} 19. Nf1 {[%cal Bg3f1,Bf1d2,Bd2c4][%mdl 32]} Rab6 20. b4 axb3 21. axb3 R6b7 {[%cal Rc5b3]} 22. Nd2 Ncd7 23. Nc4 c5 24. Be3 Nd5 25. Bd2 Ra7 26. Be4 Bf6 27. Rdc1 g6 28. g3 Ra2 {[%cal Oa2d2]} 29. Be1 Ne5 30. Nxe5 Bxe5 31. b4 c4 32. f4 Bf6 33. b5 Ra5 (33... Bd8 $5 {[%cal Ra2a5]}) 34. Bxd5 {The position is equal.} exd5 35. b6 d4 36. cxd4 Bxd4+ 37. Bf2 Bxf2+ 38. Kxf2 Ra6 {Weighted Error Value: White=0.05 (flawless) /Black=0.04 (flawless)} 1/2-1/2

[Event "VIII Floripa Open 2022"]
[Site "Florianopolis"]
[Date "2022.01.27"]
[Round "5.7"]
[White "Filgueiras, Nathan Felipe"]
[Black "Cuenca Jimenez, Jose Fernando"]
[Result "0-1"]
[WhiteElo "2309"]
[BlackElo "2552"]
[Annotator "TA"]
[PlyCount "64"]
[EventDate "2022.01.24"]
[EventType "swiss"]
[EventCountry "BRA"]

{[%evp 14,64,23,26,39,21,36,6,14,0,18,21,27,0,0,0,0,-9,-8,-16,0,0,0,-14,-4,-21,-12,-22,-13,-27,0,-149,-158,-158,-145,-145,-91,-89,-36,-143,-93,-265,-270,-444,-395,-460,-446,-453,-439,-443,-395,-481,-445]} 1. e4 c5 2. Nf3 {[%cal Bg1f3,Bf3d4,Bd4b5,Bb5a3,Ba3c4][%mdl 32]} Nc6 3. d4 cxd4 4. Nxd4 e5 5. Nb5 d6 6. N1c3 a6 7. Na3 Be6 8. Nc4 Rb8 {B32: Sicilian: Löwenthal and Kalashnikov Variations.} 9. Be2 Be7 10. O-O Nf6 {The position is equal.} 11. Bg5 Nd4 12. Bxf6 Bxf6 {[#]} 13. Nd5 $146 (13. Ne3 {seems wilder.} Rc8 14. Bd3 Bg5 15. Ncd5 O-O 16. c3) ({Predecessor:} 13. Ne3 Bg5 14. Ncd5 Bxe3 15. Nxe3 d5 16. exd5 Bxd5 17. c3 Nxe2+ 18. Qxe2 Be6 19. Rfd1 {½-½ (42) Martinez Conde Hernandez,C (2153)-Santos Izquierdo,F (2121) Conil de la Frontera 2021}) 13... Bxd5 14. exd5 Nxe2+ 15. Qxe2 O-O 16. a4 Bg5 17. a5 f5 18. Ra4 Qc7 19. Nb6 Rbe8 20. Rc4 Qe7 21. f3 e4 22. Re1 (22. c3 $11 {keeps the balance.}) 22... Qf7 $1 $17 {And now ...exf3 would win.} 23. Rf1 {[%cal Rf3e4] [#]} exf3 24. Qxf3 {[#]} Be3+ (24... Re3 $142 $1 {[%cal Re3f3]} 25. Qf2 g6) 25. Kh1 g5 (25... g6 $17) 26. Qg3 (26. Rc8 $15) 26... Re5 (26... Qg6 $142 27. Rc7 h5) 27. Rd1 $2 {This move loses the game for White.} (27. Rc3 $17 f4 28. Qh3) 27... h5 $19 {[%cal Bh7h5,Bh5h4][%mdl 32] Strongly threatening ...f4.} 28. Rc8 $2 (28. Rc3 {was necessary.} f4 29. Qf3) 28... Rxc8 29. Nxc8 Qc7 30. Nb6 Qxc2 31. Rf1 h4 32. Qh3 Qe2 {Weighted Error Value: White=0.48/Black=0.11 (very precise)} 0-1

[Event "VIII Floripa Open 2022"]
[Site "Florianopolis"]
[Date "2022.01.27"]
[Round "5.8"]
[White "Hungaski, Robert"]
[Black "Federzoni, Enzo"]
[Result "1-0"]
[WhiteElo "2521"]
[BlackElo "2177"]
[Annotator "TA"]
[PlyCount "89"]
[EventDate "2022.01.24"]
[EventType "swiss"]
[EventCountry "BRA"]

{[%evp 18,89,24,17,14,24,49,62,53,49,59,58,110,107,108,45,48,38,46,31,54,58,49,17,94,93,96,87,93,19,124,84,205,171,225,179,291,289,540,281,581,352,318,284,276,270,262,299,464,426,429,328,347,315,393,377,1477,1329,1301,1239,29966,29968,29965,6219,12839,6270,29989,29990,29990,29991,29995,29996,29996,29997]} 1. d4 {[%cal Bd2d4,Bd4d5][%mdl 32]} Nf6 2. c4 g6 3. f3 c5 4. d5 d6 5. e4 Bg7 6. Nc3 O-O 7. Nge2 e6 8. Ng3 exd5 9. cxd5 a6 10. a4 h5 {A65: Modern Benoni: 6 e4.} 11. Be2 h4 12. Nf1 Nh7 {To avoid Bg5. White is slightly better.} 13. Ne3 Nd7 14. O-O f5 (14... Bd4 $14) 15. exf5 $16 gxf5 16. Nc4 (16. f4 $1 $16) 16... Ne5 $14 17. Bf4 {[#]} Nxc4 $146 ({Predecessor:} 17... Re8 18. Qd2 Nxc4 19. Bxc4 Qf6 20. Ra3 Nf8 21. Kh1 Ng6 22. Bh6 Qd4 23. Bd3 Bd7 {0-1 (47) Fedoseev,V (2498)-Matlakov,M (2663) St Petersburg 2012}) 18. Bxc4 Qf6 19. a5 Bd7 20. Ra3 {[%cal Ba1a3,Ba3b3,Bb3b6][%mdl 32] Threatening Rb3.} Ng5 (20... Rac8 $11 21. Na4 Rce8) 21. Rb3 $1 $16 Rab8 22. Rb6 Nf7 23. Re1 (23. Kh1 $16) 23... Kh8 (23... Qd4+ $11 {remains equal.} 24. Qxd4 cxd4) 24. h3 {White is much more active.} Rg8 {Loses the game.} (24... Qd4+ $16 25. Qxd4 cxd4) 25. Kh1 $18 Qg6 (25... Bh6 $142 26. Bxh6 Qxh6) 26. Qd2 {Re7 is the strong threat.} Qf6 (26... Bf6 $142 27. Bxd6 Nxd6 28. Rxd6 Bg5 29. Rxg6 Bxd2 30. Rxg8+ Rxg8) 27. Qf2 Bh6 $2 (27... Rge8 {is a better defense.} 28. Rxe8+ Bxe8) 28. Bxh6 Qxh6 (28... Nxh6 29. Qxc5 Nf7) 29. f4 {Black must now prevent Re7.} Qf6 30. Re3 Kg7 31. Ne2 {To avoid Qd4} Rge8 32. Rxe8 Bxe8 {[#]} (32... Rxe8 {was called for.} 33. Rxb7 Bc8) 33. Bxa6 $1 {[%mdl 512]} Ra8 34. Bb5 Qxb2 {[#]} 35. Qxh4 $1 Bxb5 {[#]} (35... Qf6 36. Qxf6+) 36. Ng3 {The board is on fire.} Qb1+ (36... Rh8 37. Nxf5+ Kf8 38. Qe7+ Kg8) 37. Kh2 {Nh5+ would kill now.} Rh8 {[#]} 38. Qe7 $1 Qd3 39. Rxb7 Qxd5 40. Rxb5 {Threatening mate with a6.} Rh6 41. Rb7 {White threatens a6 and mate.} c4 42. a6 {[%cal Ba5a6,Ba6a7][%mdl 32] White mates.} c3 43. a7 Rh8 44. Qg5+ Kh7 {[#]} 45. Nh5 $1 {[%mdl 512] Weighted Error Value: White=0.29 (precise) /Black=0.72} 1-0

[Event "VIII Floripa Open 2022"]
[Site "Florianopolis"]
[Date "2022.01.27"]
[Round "5.9"]
[White "Abrantes, Tiago Garrido"]
[Black "Lima, Darcy"]
[Result "0-1"]
[WhiteElo "2187"]
[BlackElo "2507"]
[Annotator "TA"]
[PlyCount "88"]
[EventDate "2022.01.24"]
[EventType "swiss"]
[EventCountry "BRA"]

{[%evp 15,88,20,27,18,21,0,7,0,0,-20,-7,-32,-9,-18,-7,-40,-32,-53,-41,-62,-52,-75,-45,-70,-65,-73,-68,-72,-72,-72,-59,-34,-25,-13,0,-82,-24,-25,-28,-71,-64,-71,-71,-75,-72,-130,-116,-125,-123,-133,-133,-128,-108,-109,-76,-108,-125,-174,-160,-165,-131,-153,-114,-286,-290,-306,-327,-452,-469,-511,-484,-669,-665,-629,-612]} 1. d4 Nf6 2. c4 e6 3. g3 Bb4+ 4. Bd2 Qe7 5. Bg2 Nc6 6. Nf3 Bxd2+ 7. Nbxd2 {7.Qxd2 is the fancy move.} d6 8. O-O a5 9. e3 {E11: Bogo-Indian.} O-O 10. Qe2 e5 {[#]} 11. d5 $146 {The position is equal.} ({Predecessor:} 11. dxe5 dxe5 12. h3 Rd8 13. Ng5 Bf5 14. Nge4 Nxe4 15. Nxe4 Be6 16. Nc3 Qb4 17. Nd5 {0-1 (57) Rey Malde,H (1905)-Arnedo Ruiz,A (2124) Salobrena 2012}) 11... Nb8 12. h3 Na6 13. b3 Bd7 14. a3 c6 15. dxc6 bxc6 16. e4 Rab8 17. Rab1 c5 18. Rfc1 Bc6 19. Nh2 Nc7 {[%cal Ba6c7,Bc7e6,Be6d4][%mdl 32]} 20. Nhf1 Ne6 21. Ne3 Nd4 22. Qd3 Rb7 {Black is much more active.} 23. Nf5 Qd8 24. Nxd4 exd4 25. Re1 {[#]} (25. b4 $1 $11 {remains equal.} Rb8 26. bxc5 dxc5 27. e5 Bxg2 28. Kxg2) 25... Re7 (25... Nd7 $1 $17) 26. b4 $11 Rfe8 27. bxc5 (27. b5 $11 {is more appropriate.} Bb7 28. Re2) 27... dxc5 $17 28. f4 Nd7 {[%cal Bf6d7,Bd7b6,Bb6a4,Ba4c3][%mdl 32]} 29. Bf3 f6 {Inhibits e5.} 30. Kf2 (30. Re2 $142) 30... Qc7 31. h4 {Prevents g5.} Nb6 32. h5 Na4 33. Rb5 Bxb5 34. cxb5 Nc3 35. a4 Kh8 36. Qc4 (36. Nc4 $17) 36... Qd6 37. Qb3 Qd7 38. Qc4 h6 39. Qxc5 $2 {Loses the game.} (39. Ra1 $17) 39... Nxa4 $19 40. Qc6 Qd8 {[#] Threatens to win with ...Rc7.} 41. Rc1 Nc3 {Strongly threatening ...Rc7. Black is clearly winning.} 42. Ra1 a4 43. Qc5 Rb7 44. Qc4 Rxb5 {Weighted Error Value: White=0.29 (precise) /Black=0.10 (very precise)} 0-1

[Event "VIII Floripa Open 2022"]
[Site "Florianopolis"]
[Date "2022.01.27"]
[Round "5.10"]
[White "Sega, Carlos Alberto"]
[Black "Molina, Roberto Junio Brito"]
[Result "0-1"]
[WhiteElo "2186"]
[BlackElo "2420"]
[Annotator "TA"]
[PlyCount "68"]
[EventDate "2022.01.24"]
[EventType "swiss"]
[EventCountry "BRA"]

{[%evp 19,68,-3,-4,-34,0,-26,-12,-20,-18,-22,0,-15,-4,-68,-36,-35,-35,-33,-12,-78,-58,-145,-147,-252,-149,-147,-152,-160,-157,-151,-157,-185,-161,-231,-216,-192,-127,-289,-293,-314,-314,-296,-268,-263,-252,-279,-242,-283,-279,-291,-266]} 1. c4 e6 2. g3 d5 3. Nf3 Nf6 4. Bg2 Be7 5. O-O O-O 6. b3 d4 7. e3 c5 8. exd4 cxd4 9. Re1 Nc6 10. Bb2 Re8 11. Na3 {A14: English Opening: 1...e6 with b3 by White.} Bf8 12. d3 e5 13. Nc2 {[%cal Ob3b4] The position is equal.} a5 14. a3 Bf5 15. b4 axb4 {[#]} 16. Nxb4 $146 ({White should try} 16. axb4 $11 Rxa1 17. Bxa1) ({Predecessor:} 16. axb4 Rxa1 17. Bxa1 Nxb4 18. Rxe5 Rxe5 19. Nxe5 Nxc2 20. Qxc2 Bc5 21. Bb2 Qa5 22. Qc1 {½-½ (71) Jere,D (2364)-Steel,H (2407) Cape Town 2016}) 16... Qd6 {Black is more active.} (16... Nxb4 17. axb4 Rxa1 18. Qxa1 $11) (16... Ra5 $5 {[%cal Rc6b4]}) 17. Nd5 Nxd5 18. cxd5 Na5 (18... Qxd5 19. Nxd4 $1 Qd7 20. Nxc6 bxc6 21. Bxe5 $14) 19. Ng5 (19. Bc1 $11) 19... Qd7 {aiming for ...Qb5.} 20. Rc1 (20. Bc1 $15) 20... Qb5 $1 $17 {[%csl LRb2,LRd3] Strongly threatening ...h6.} (20... h6 21. Ne4 $15) 21. Rc7 (21. Qh5 $2 Bg6 22. Qe2 Bxd3 $19) (21. d6 $17) 21... f6 (21... Qxb2 $19 22. Rxf7 Bg6) 22. Be4 {[#]} Bxe4 {Chess con chili.} (22... Qxb2 $2 23. Bxf5 g6 24. Nxh7 $18) 23. Nxe4 {[%cal Od5d6] Black must now prevent d6!} Qxd5 (23... Qxb2 24. Qg4 Kh8 25. Qf5 $16) 24. Qf3 {[%cal Oe4f6]} Qe6 25. g4 Re7 26. Rec1 (26. Rc2 $142) 26... Rxc7 27. Rxc7 Rd8 ({Black should play} 27... Qb6 $19 28. Rc2 Qb3) 28. g5 $2 {[#] White does not recover from this.} (28. Qf5 $17 Qxf5 29. gxf5) 28... f5 $1 $19 29. Qh3 {[%cal Oe4f6] Threatening mate with Nf6+!} Qg6 {Prevents Nf6+.} 30. Ng3 Bd6 ({And not} 30... Qxg5 31. Qxf5 Qxf5 32. Nxf5 $17) 31. Rc2 Rf8 ({Weaker is} 31... Qxg5 32. Qxf5 Qxf5 33. Nxf5 $17) 32. Bc1 Nc6 33. Qg2 Qf7 {Prevents Qd5.} 34. h4 g6 {Weighted Error Value: White=0.32/Black=0.16 (very precise)} 0-1

[Event "VIII Floripa Open 2022"]
[Site "Florianopolis"]
[Date "2022.01.28"]
[Round "6.1"]
[White "Pichot, Alan"]
[Black "Hungaski, Robert"]
[Result "1-0"]
[WhiteElo "2625"]
[BlackElo "2521"]
[Annotator "TA"]
[PlyCount "101"]
[EventDate "2022.01.24"]
[EventType "swiss"]
[EventCountry "BRA"]
[SourceTitle "playchess.com"]
[Source "ChessBase"]
[SourceQuality "1"]

{[%evp 23,101,0,0,0,-4,0,0,0,52,49,47,45,36,36,47,17,31,-16,3,12,17,37,27,27,24,24,31,31,86,20,18,26,19,25,22,5,120,96,87,87,139,114,141,130,168,166,210,218,207,209,189,0,189,170,181,176,228,148,247,231,227,223,534,439,450,333,527,490,29974,29975,29977,29978,29997,29992,29992,29993,29993,29994,29997,29998]} 1. e4 e5 2. Nf3 Nc6 3. Bb5 a6 4. Ba4 Nf6 5. O-O Nxe4 6. d4 b5 7. Bb3 d5 8. dxe5 Be6 9. c3 Bc5 10. Nbd2 O-O 11. Bc2 Nxf2 12. Rxf2 f6 13. Nf1 $1 {[%mdl 4] And now Be3 would win. is more profitable than 13.exf6 at the moment. C82: Open Ruy Lopez: 9 c3 without 9...Be7.} Bxf2+ 14. Kxf2 fxe5 {Hoping for ...e4.} 15. Kg1 {[%cal Oc2h7] Black must now prevent Bxh7+! The position is equal.} Qf6 (15... Qd7 $11) 16. Bg5 $14 {[%cal Bc1g5,Bg5h4,Bh4g3][%mdl 1056] White has compensation.} Qf7 17. Bh4 {Strongly threatening Ng5.} h6 {To avoid Ng5} (17... e4 18. Ng5 Qg6 19. Ne3 $18) 18. Bg3 Rad8 {[#]} 19. Qd2 $146 ({Predecessor:} 19. Qe1 e4 20. Nd4 Nxd4 21. cxd4 c5 22. dxc5 Qf6 23. Rd1 Qxb2 24. Bb3 Kh8 25. c6 {1-0 (34) Vajda,L (2480)-Naes,F (2100) Elista 1998}) 19... d4 {[%cal Od4d3]} 20. Be4 {[#]} (20. Qe2 $14) 20... dxc3 $1 21. Qxc3 Nd4 22. Nxd4 Rxd4 23. Bf3 {This bishop pair is nice.} Bd5 {[%cal Rd5f3]} 24. Nd2 Qg6 25. Re1 Qd3 {[#]} ({Better is} 25... Bxa2 $14 26. Rxe5 Rd3) 26. Bxd5+ ({Much weaker is} 26. Bxe5 $6 Qxc3 27. Bxd5+ Kh7 28. bxc3 Rxd5 $11) (26. Ne4 $1 $16) 26... Rxd5 $11 27. Qxd3 Rxd3 28. Nf3 c5 29. Rxe5 c4 (29... Rd1+ $11 {keeps the balance.} 30. Be1 Ra1) 30. Be1 $1 $16 Rd1 31. Kf2 Rb1 {[#]} (31... Rdd8 $142) 32. Re2 $1 Kf7 33. Bc3 Re8 {[#]} 34. Rd2 ({Resist} 34. Rxe8 Kxe8 35. Bxg7 b4 $16) 34... g5 (34... Re6 $142 35. h4 g6) 35. a3 $18 Re6 36. Rd7+ Ke8 37. Rd2 ({White should play} 37. Rd5 $18) 37... Rc1 $2 (37... Kf7 $1 $11 {and Black has nothing to worry.}) 38. Kg3 Re4 39. h3 Ke7 (39... Re3 $142 40. Rd6 h5) 40. Bb4+ Kf6 (40... Ke8 $16 {was worth a try.} 41. Rd6 Rc2) 41. Rd7 Rc2 42. Bc3+ Kg6 $2 (42... Ke6 {is more resistant.} 43. Rh7 Kd5 44. Rxh6 Ree2 45. Nxg5 Rxg2+ 46. Kf4 Rcf2+ 47. Nf3 Rg8 48. Rxa6 Re2) 43. Rd6+ Kh7 44. Rxa6 Ree2 (44... Re3 $142 45. Rd6 Rce2) 45. Kg4 Rxb2 (45... Rxg2+ $2 46. Kh5 $18) (45... Rxc3 $18 46. bxc3 Rxg2+ 47. Kh5 Rg3 48. Rxh6+ Kg7 49. Rg6+ Kf8 50. Rf6+ Ke8) 46. Kh5 {White mates.} Rb3 47. Bf6 g4 48. Ra7+ Kg8 {[#]} 49. Kg6 $1 Kf8 50. Nd4 gxh3 51. Ra8+ {Weighted Error Value: White=0.14 (very precise) /Black=0.60} 1-0

[Event "VIII Floripa Open 2022"]
[Site "Florianopolis"]
[Date "2022.01.28"]
[Round "6.2"]
[White "Cuenca Jimenez, Jose Fernando"]
[Black "Supi, Luis Paulo"]
[Result "1/2-1/2"]
[WhiteElo "2552"]
[BlackElo "2581"]
[Annotator "TA"]
[PlyCount "75"]
[EventDate "2022.01.24"]
[EventType "swiss"]
[EventCountry "BRA"]
[SourceTitle "playchess.com"]
[Source "ChessBase"]
[SourceQuality "1"]

{[%evp 9,75,35,39,41,37,34,51,48,52,45,50,57,57,54,71,49,53,53,59,59,75,58,80,59,60,61,58,29,58,50,43,50,71,68,72,60,74,59,40,18,20,0,10,0,0,0,0,0,0,0,8,8,23,8,15,8,8,8,8,8,80,0,80,13,80,0,0,0]} 1. d4 Nf6 2. c4 g6 3. Nc3 Bg7 4. e4 d6 5. h3 Nbd7 6. Be3 {E71: King's Indian: 4 e4 d6 5 h3.} e5 7. d5 a5 8. g4 {[%cal Bg2g4,Bg4g5][%mdl 32] White is slightly better.} Nc5 9. f3 h5 10. g5 {[#]} Nfd7 $146 ({Predecessor:} 10... Nh7 11. h4 f6 12. gxf6 Bxf6 13. Bf2 O-O 14. Qd2 Kg7 15. O-O-O Be7 16. Kb1 Rf4 {0-1 (59) Ciolacu,A (2263)-Juhasz,B (2258) Terme Catez 2021}) 11. h4 O-O 12. Nh3 Na6 13. Rb1 Nb6 14. b3 c6 {[%cal Oa5a4]} 15. Qd2 Nc5 16. Rd1 cxd5 17. cxd5 Nbd7 18. Nf2 Qe7 19. Be2 b6 20. O-O Bb7 21. Rb1 f5 22. Bb5 fxe4 23. Nfxe4 Nxe4 24. Nxe4 (24. fxe4 $5 {[%cal Rc3a4]} Nc5 25. a3 $14) 24... Nc5 25. a3 Bc8 26. b4 axb4 27. axb4 Nxe4 28. fxe4 Bh3 29. Rxf8+ ({Much worse is} 29. Bxb6 Bxf1 30. Bxf1 Rf4 $17) 29... Rxf8 30. Kh2 ({Reject} 30. Bxb6 Rf4 31. Bf2 Rxe4 $15) 30... Bd7 31. Be2 Bc8 32. Rf1 {[#] Black must now prevent Rxf8+.} ({But not} 32. Bxb6 Qb7 33. Qe3 Bg4 $15) 32... Qd7 {...Qh3+ is the strong threat.} 33. Rxf8+ Bxf8 34. Kg1 {Active counter play!} b5 (34... Qb7 $11 {remains equal.}) 35. Bf2 (35. Qc2 $16) 35... Qh3 (35... Qb7 $1 $11) 36. Bf1 ({White should try} 36. Qe3 $16 {Threatens to win with Qxh3.} Qxe3 37. Bxe3) 36... Qf3 (36... Qg4+ $11 {keeps the balance.} 37. Bg2 Bd7) 37. Bg2 (37. Qe2 $16 Qxe2 38. Bxe2) 37... Qb3 $11 38. Be1 {Weighted Error Value: White=0.15 (very precise) /Black=0.17 (very precise)} 1/2-1/2

[Event "VIII Floripa Open 2022"]
[Site "Florianopolis"]
[Date "2022.01.28"]
[Round "6.3"]
[White "Fier, Alexandr"]
[Black "Cubas, Jose Fernando"]
[Result "1/2-1/2"]
[WhiteElo "2572"]
[BlackElo "2469"]
[Annotator "TA"]
[PlyCount "92"]
[EventDate "2022.01.24"]
[EventType "swiss"]
[EventCountry "BRA"]
[SourceTitle "playchess.com"]
[Source "ChessBase"]
[SourceQuality "1"]

{[%evp 14,92,11,-8,66,63,67,75,75,41,30,51,173,91,99,95,97,86,76,90,96,93,97,90,89,70,71,71,93,93,102,81,101,103,101,109,97,86,98,86,84,82,91,91,111,103,140,146,137,113,99,89,93,92,96,98,98,98,98,99,99,99,99,68,68,60,60,60,68,68,68,68,68,68,68,69,69,69,69,67,67]} 1. e4 c5 2. Nf3 Nc6 3. Bb5 g6 4. O-O Bg7 5. c3 e5 6. d4 exd4 7. cxd4 cxd4 $1 {7...cxd4 is better than 7...Nxd4.} 8. Bf4 d6 {B31: Sicilian: 2...Nc6 3 Bb5 g6.} (8... a6 $1 $11 9. Bc4 Nge7) 9. Nxd4 $14 Nge7 10. Nc3 {And now Bg5 would win. White is much more active.} O-O {White is better.} 11. Nxc6 (11. Bxc6 $5 bxc6 12. Qd2 $14) 11... bxc6 12. Bc4 Rb8 {[#]} (12... Bxc3 $14 13. bxc3 d5) 13. Bb3 $146 ({Resist} 13. Bxd6 $6 Rxb2 14. Rc1 Rb7 $16) (13. Qxd6 $18 Rxb2 14. Qa3) ({Predecessor:} 13. Bxd6 Rxb2 14. e5 Re8 15. Na4 Rb7 16. Nc5 Rb6 17. e6 Nd5 18. exf7+ Kxf7 19. Qf3+ {0-1 (35) Chatzidakis,M (2280)-Steinhagen,B (2291) Germany 2013}) 13... Ba6 $16 14. Qxd6 Bxf1 15. Qxb8 ({Reject} 15. Rxf1 Qxd6 16. Bxd6 Rb7 $15) 15... Qxb8 16. Bxb8 Rxb8 17. Kxf1 c5 {[%cal Oc5c4]} 18. Rd1 Nc6 19. Bd5 Ne7 (19... Rxb2 $2 20. Na4 Nb4 21. Nxb2 Bxb2 22. Rb1 $18) 20. Na4 Bd4 21. Bc4 Nc8 22. b3 Nb6 23. Nxb6 axb6 {[%mdl 4096] Endgame KRB-KRB} 24. a4 Kg7 25. g3 {[%cal Bg2g3,Bg3f4][%mdl 32]} Re8 26. Bd3 g5 27. f3 Kf6 28. Ke2 Kg7 29. f4 gxf4 30. gxf4 Re6 31. Kf3 Rh6 32. Rd2 Rh3+ 33. Kg4 Bc3 34. Kxh3 Bxd2 {KB-KB} 35. Kg4 f6 36. Kf5 Kf7 37. e5 fxe5 38. Kxe5 h6 {White is slightly better.} 39. Kf5 Ke7 40. Ke4 Kf6 41. Kd5 Be1 42. Kd6 Bd2 43. Kc6 Ba5 44. h4 {[%cal Bh2h4,Bh4h5][%mdl 32]} Ke6 45. Bg6 Kf6 46. h5 Ke6 {Black escapes into a draw.  Weighted Error Value: White=0.07 (flawless) /Black=0.13 (very precise)} 1/2-1/2

[Event "VIII Floripa Open 2022"]
[Site "Florianopolis"]
[Date "2022.01.28"]
[Round "6.4"]
[White "Oliveira, Silvio Eduardo"]
[Black "Delgado Ramirez, Neuris"]
[Result "0-1"]
[WhiteElo "2322"]
[BlackElo "2614"]
[Annotator "TA"]
[PlyCount "67"]
[EventDate "2022.01.24"]
[EventType "swiss"]
[EventCountry "BRA"]
[SourceTitle "playchess.com"]
[Source "ChessBase"]
[SourceQuality "1"]

{[%evp 18,67,36,22,31,43,47,37,33,45,37,44,38,26,40,34,34,16,58,-22,-14,-87,-57,-87,-104,-85,-63,-98,-96,-97,-96,-153,-154,-265,-165,-154,-185,-174,-136,-179,-137,-142,-128,-290,-294,-298,-291,-286,-179,-1233,-1234,-2341]} 1. e4 c5 2. Nf3 d6 3. d4 cxd4 4. Nxd4 Nf6 5. Nc3 Nc6 6. Bg5 e6 7. Qd2 a6 8. O-O-O Bd7 $1 {8...Bd7 is better than 8...h6.} 9. f3 Be7 10. Kb1 h6 {B67: Sicilian: Richter-Rauzer: 7...a6 8 0-0-0 Bd7, lines without 9 f4 Be7.} 11. Be3 h5 {Prevents g4.} 12. Nxc6 Bxc6 {White is slightly better.} 13. Ne2 b5 14. Nd4 Bb7 {[#]} 15. c4 $146 ({Predecessor:} 15. h4 Rc8 16. Bg5 Nd7 17. Be2 Nc5 18. Nb3 d5 19. e5 Nxb3 20. axb3 Qc7 21. Rde1 {1-0 (38) Kuhne,D (2434)-Tsenkov,L (2427) LSS email 2016}) 15... bxc4 16. Bxc4 ({Of course not} 16. Qb4 Qd7 $15) 16... O-O 17. Bb3 Nd7 {[#]} (17... a5 $11) 18. Qf2 ({White should try} 18. Bxe6 $1 $14 fxe6 19. Nxe6) 18... a5 $11 19. Qg3 (19. Bxe6 $11 {keeps the balance.} fxe6 20. Nxe6) 19... h4 20. Qh3 {[%cal Od4e6] Threatens to win with Nxe6!} Nc5 21. Bc4 Rc8 22. Qg4 {[%cal Oe4e5]} Bf6 23. Rhe1 Qe7 24. Rc1 (24. Bf1 $142) 24... Nd7 $17 25. Qh3 (25. Bb5 $17) 25... Ne5 26. Bb5 a4 27. a3 Rb8 28. Re2 {[#]} (28. g4 $17 {is a better defense.}) 28... Ba8 ({Black should play} 28... Ng6 $1 $19 29. Rec2 (29. Bxa4 d5 $17) 29... d5 30. Bxa4 dxe4) 29. Rec2 Qd8 30. Bxa4 $2 {[#] Loses the game.} (30. g4 $17) 30... Qa5 $1 $19 31. Bb3 Nd3 32. Rd1 Nc5 33. Rxc5 (33. Bd2 Qb6 34. e5 Nxb3 35. Nxb3) 33... dxc5 34. Qg3 {Weighted Error Value: White=0.51/Black=0.16 (very precise)} 0-1